UM Logo

Scars of war: (Record no. 13246)

MARC details
000 -LEADER
fixed length control field 00576nam a22001697a 4500
003 - CONTROL NUMBER IDENTIFIER
control field OSt
005 - DATE AND TIME OF LATEST TRANSACTION
control field 20190305205212.0
008 - FIXED-LENGTH DATA ELEMENTS--GENERAL INFORMATION
fixed length control field 190220b ||||| |||| 00| 0 eng d
040 ## - CATALOGING SOURCE
Transcribing agency 1
082 ## - DEWEY DECIMAL CLASSIFICATION NUMBER
Edition number DPer 050 T48 Apr-June 2016 v. 187, n. 12-24.
100 ## - MAIN ENTRY--PERSONAL NAME
9 (RLIN) 37031
Personal name Shuster, Simon
245 ## - TITLE STATEMENT
Title Scars of war:
Remainder of title The long road to recovery for Ukrainians wounded in the fight for their country/
Statement of responsibility, etc. Simon Shuster.
260 ## - PUBLICATION, DISTRIBUTION, ETC. (IMPRINT)
Place of publication, distribution, etc. Hong Kong;
Name of publisher, distributor, etc. Time Asia,
Date of publication, distribution, etc. c2016
300 ## - PHYSICAL DESCRIPTION
Extent v187 n13, pages 22-25:
Other physical details illustrations;
Dimensions 27 cm.
650 ## - SUBJECT ADDED ENTRY--TOPICAL TERM
Topical term or geographic name as entry element Wounds and injuries.
9 (RLIN) 37032
942 ## - ADDED ENTRY ELEMENTS (KOHA)
Source of classification or shelving scheme Dewey Decimal Classification
Koha item type Periodicals
Holdings
Withdrawn status Lost status Source of classification or shelving scheme Damaged status Not for loan Collection code Home library Current library Date acquired Total Checkouts Full call number Date last seen Price effective from Koha item type Public note
    Dewey Decimal Classification     Periodicals UM Digos College - LIC UM Digos College - LIC 02/20/2019   DPer 050 T48 Apr-June 2016 v. 187, n. 12-24. 02/20/2019 02/20/2019 Periodicals Periodical article